=LDR 00000nam 2200000 4500 =001 INLIS000000000035683 =005 20130612141524 =008 ***********************************Ind** =035 ##$$0010-061300000035683 =041 ##$$a Ind =082 ##$$a 419.4 =090 ##$$a 419.4, Mid m =100 ##$$a Candrawati, Ni Luh Komang (et al.) =245 ##$$a Medan Makna Rasa dalam Bahasa Bali, Ni Luh Komang Candrawati, dkk =260 ##$$a 2002 $b Jakarta =300 ##$$a xii, 111 hlm, ilus, 22 cm =650 ##$$a Bahasa Bali =850 ##$$a NBPNMAT